000 01736cam a22004694i 4500
003 PE-LiUPU
005 20250731172825.0
008 150617s r 000 0 d
020 _a0842385258
035 _a(Sirsi) i9780842385251
040 _aPE-LiUPU
_bspa
_cPE-LiUPU
_erda
049 _aPRUA
082 0 4 _a262.5
_bH65
_221
100 1 _aHoekstra, Harvey T.,
_eautor.
245 1 4 _aThe world council of church: and the demise of evangelism /
_cHarvey T. Hoekstra.
264 1 _aIllions :
_bTyndale House Publisher Inc.,
_c1979.
300 _a300 páginas ;
_c21 centímetros
336 _atext
_2rdacontent
337 _aunmediated
_2rdamedia
338 _avolume
_2rdacarrier
504 _aIncluye bibliografía.
505 0 _aChurch and mission in a changing world. -Mission in tension. -Mission in transition. -Mission reconceptualized: new mission. -New mission implemented. -New mission ratified. -New mission challenged. -My quest at geneva. -Evidence of concern. -Reflections and recommendations.
526 _aSEG42
526 _aSEG41
526 _aSEG40
526 _aSEG39
526 _aP94
526 _aP87
526 _aP86
526 _aP85
526 _aP77
526 _aP76
526 _aP35
650 0 4 _aCONCILIOS Y SINODOS.
910 _ajck
_bjvq
_cjck
_d20150616
942 _2ddc
_cBOOK
949 _a262.5 H65
_wDEWEY
_c1
_i18790
_lCCODEBUL1
_mBUL
_r0
_sY
_tBOOK
_u2015-6-17
_xTEOLOGIA
_PP35
_0COMPRA
_o.STAFF. Colección General
994 _aC0
_bPEPRU
596 _a1
999 _a262.5 H65
_wDEWEY
_c5603
_i18790
_f2021-11-29
_g7
_lCCODEBUL1
_mBUL
_r0
_sY
_tBOOK
_u2015-6-17
_xTEOLOGIA
_PP35
_0COMPRA
_o.STAFF. Colección General
_d5603
980 _81
_gALBERTO SANCHEZ Responsable de Automatización